000 00478nam a2200181Ia 4500
008 131103s9999 xx 000 0 und d
040 _aLoreto College
041 _aEnglish
082 _a920/MAC
_bLCLIB/1642
100 _aBaldwin, A W
245 4 _aThe Macdonald sisters
_cA W baldwin
260 _aLondon
_bPeter Davis
_c1960
300 _ax,238p.
_b ill.
_c 21cm.
504 _aIncludes index
650 _aBiogrphy - Collection
850 _aLCLIB/920/MAC
942 _cBK
999 _c25152
_d75631